000 00313nam a22001337a 4500
999 _c166306
_d166306
082 _a
_b
100 _aWilliam Kelleher Storey
245 _aWriting history a guide for students/
_cby William Kelleher Storey.
260 _a
_bOxford,
_c1999.
300 _a118p.
650 _a
700 _a
942 _cBK